| 000 | 01137 a2200241 4500 | ||
|---|---|---|---|
| 005 | 20080812154154.0 | ||
| 008 | 080812t xxu||||| |||| 00| 0 ur d | ||
| 010 | _aUR-7276 | ||
| 020 |
_c150.00 _a8187666056 |
||
| 035 | _aU-5831 | ||
| 037 | _bD.B.Act/pub | ||
| 082 | _a954.13 | ||
| 100 | _aرضاء الر حمن | ||
| 245 | _aروہيلکھنڈ کی سيا سی ثقا فتی اور ادبی تا ريخ | ||
| 246 |
_aRohel khand ki siyasi saqafati aur adabi tareekh _bby Raza-ur-Rehman Akif |
||
| 260 |
_aدھلی _bکتا بی دنيا _c2007 |
||
| 270 |
_a1955،گلی نواب مرزا ،محلہ قبر ستان ،اينگلو عر بک اسکول کے سامنے ترکمان گيٹ _bدھلی _e11006 _k011-23288452 _mkitabidunia;@rediffmail.com |
||
| 300 |
_a140 ص _c22سينٹی ميٹر |
||
| 650 | _aتا ريخ | ||
| 700 | _aمحمد محبوب خان افسر عثمانی | ||
| 942 |
_adpl _cUR _k954.13 / رضا _2ddc _h954.13 _mرضا |
||
| 999 |
_c1557 _d1557 |
||